000 00865nam a22002537a 4500
001 2187
005 20231108150915.0
020 _a9780439107983
040 _aFISKH
_beng
_cFISKH
_dFISKH
050 _aQL737.C5
082 _a813.54
100 _aMoore, Eva
245 _aThe truth about bats /
_cThe Magic School Bus Chapter Book
260 _aNew York :
_bScholastic,
_c1999
300 _a70 pages :
_billustrations
_c19 cm
505 _aK
520 _aThe Magic School Bus takes Ms. Frizzle and her class on a trip around the United States looking for bats. During the trip the class learns many amazing facts about bats, including what they eat, where they live, how echolocation works, and more.
521 _a600
_bLexile
521 _aK
_bRaz-Plus
650 _aAnimal
650 _aMammal
700 _aEnik, Ted
_eIllustrator
942 _2ddc
_cBK
_n0
999 _c2187
_d2187